| 000 | 00716nam a22002177a 4500 | ||
|---|---|---|---|
| 005 | 20180618112544.0 | ||
| 010 | _a1718EN-30 ENG-121686 B-686472-475 | ||
| 020 |
_a9789380816760 _c150.00 |
||
| 035 | _aEN-105218 | ||
| 035 | _aB-686472-475 | ||
| 037 |
_bStar Pub. _adpl |
||
| 037 | _bDBAD/PUB | ||
| 082 | _aN | ||
| 100 | _aDoyle, Arthur Conan | ||
| 245 |
_aThe lost world / _cby Arthur Conan Doyle |
||
| 260 |
_aNoida _bMaple Press _c2017 |
||
| 270 |
_aA-63, Sector-58, _bNoida _e201301 |
||
| 300 |
_a272p. _c21cm(pbk) |
||
| 942 |
_2ddc _cEN _mDOY _hN |
||
| 999 |
_c145784 _d145784 |
||